000 nam a22 7a 4500
999 _c15263
_d15263
005 20200626105308.0
008 200626b xxu||||| |||| 00| 0 eng d
040 _cehj
050 _aPS3566.A822 S25
100 _aJames Patterson
245 _aSail
260 _aNew york
_bGrand central
_c2008
300 _a388,p.
942 _2lcc
_cOS
_hPS3566.A822 S25